U.S. Senators Quiz - Statistics

General Stats
  • This quiz has been taken 71 times
  • The average score is 65 of 100
Answer Stats
Hint Answer % Correct
New York Chuck Schumer
90%
Kentucky Mitch McConnell
90%
Texas Ted Cruz
90%
Massachusetts Elizabeth Warren
88%
Maine Susan Colliins
88%
Vermont Bernie Sanders
86%
Pennsylvania John Fetterman
86%
New Jersey Cory Booker
83%
Georgia Jon Ossoff
83%
Kentucky Rand Paul
83%
Georgia Raphael Warnock
83%
Virginia Tim Kaine
83%
Minnesota Tina Smith
83%
Mississippi Cindy Hyde-Smith
81%
Louisiana John Kennedy
81%
Maine Angus King
79%
South Carolina Lindsey Graham
79%
Florida Rick Scott
79%
Wisconsin Ron Johnson
79%
South Carolina Tim Scott
79%
Alabama Tommy Tuberville
79%
California Adam Schiff
76%
California Alex Padilla
76%
Alaska Lisa Murkowski
76%
Illinois Tammy Duckworth
76%
North Carolina Thom Tillis
76%
Minnesota Amy Klobuchar
74%
Missouri Josh Hawley
74%
Arizona Mark Kelly
74%
Ohio Bernie Moreno
71%
Iowa Chuck Grassley
71%
Iowa Joni Ernst
71%
Utah Mike Lee
71%
Wisconsin Tammy Baldwin
71%
Arkansas Tom Cotton
71%
Alaska Dan Sullivan
69%
Illinois Dick Durbin
69%
Michigan Gary Peters
69%
West Virginia Jim Justice
69%
Texas John Cornyn
69%
South Dakota John Thune
69%
Arizona Ruben Gallego
69%
Connecticut Chris Murphy
67%
Michigan Elissa Slotkin
67%
New York Kirsten Gillibrand
67%
New Jersey Andy Kim
64%
Pennsylvania Dave McCormick
64%
Nebraska Deb Fischer
64%
Colorado John Hickenlooper
64%
Rhode Island Sheldon Whitehouse
64%
Delaware Chris Coons
62%
Maryland Chris Van Hollen
62%
Alabama Katie Britt
62%
Hawaii Mazie Hirono
62%
Maryland Angela Alsobrooks
60%
Louisiana Bill Cassidy
60%
Massachusetts Ed Markey
60%
New Hampshire Jeanne Shaheen
60%
Arkansas John Boozman
60%
Oklahoma Markwayne Mullin
60%
Tennessee Marsha Blackburn
60%
Indiana Todd Young
60%
Florida Ashley Moody
57%
New Mexico Ben Ray Lujan
57%
Hawaii Brian Schatz
57%
Nevada Catherine Cortez Masto
57%
Rhode Island Jack Reed
57%
New Hampshire Maggie Hassan
57%
Virginia Mark Warner
57%
Colorado Michael Bennet
57%
Nebraska Pete Ricketts
57%
Connecticut Richard Blumenthal
57%
Missouri Eric Schmitt
55%
Nevada Jacky Rosen
55%
Oklahoma James Lankford
55%
Oregon Jeff Merkley
55%
Idaho Mike Crapo
55%
North Carolina Ted Budd
55%
Montana Tim Sheehy
55%
Wyoming John Barrasso
52%
Ohio Jon Husted
52%
Washington Patty Murray
52%
Indiana Jim Banks
50%
Delaware Lisa Blunt Rochester
50%
Washington Maria Cantwell
50%
New Mexico Martin Heinrich
50%
Vermont Peter Welch
50%
Kansas Roger Marshall
50%
Mississippi Roger Wicker
50%
Oregon Ron Wyden
50%
West Virginia Shelley Moore Capito
50%
North Dakota Kevin Cramer
48%
Tennessee Bill Hagerty
45%
Wyoming Cynthia Lummis
45%
Kansas Jerry Moran
45%
Idaho Jim Risch
45%
South Dakota Mike Rounds
45%
Montana Steve Daines
45%
North Dakota John Hoeven
43%
Utah John Curtis
40%
No matching quizzes found
Score Distribution
Percent of People with Each Score
Percentile by Number Answered
Your Score History
You have not taken this quiz